000 00902nam a22002537a 4500
999 _c64903
_d64903
005 20240530110757.0
008 190109s2017 ua g b 000 ||ara d
017 _a2017/3137
_bمصر. دار الكتب
020 _a9789779111360
040 _aEG-CaGPL
_cEG-CaGPL
082 0 4 _221
_a306 /
_bم ف
100 0 _aمصطفى النشار
245 1 0 _aفى فلسفة الثقافة والنقد الثقافى /
_cمصطفى النشار
250 _aط.1
260 _aالقاهرة :
_bالهيئة المصرية العامة للكتاب،
_c2017.
300 _a170 ص. ؛
_c24 سم.
504 _aيشتمل على ارجاعات ببليوجرافية
650 0 7 _2qrmak
_aالثقافة
650 0 7 _2qrmak
_aالتنمية الثقافية
650 0 7 _2qrmak
_aالنشاط الثقافى
651 _2qrmak
942 _2ddc
_cBK